00799 2200181 4500245005100000020002200051250001100073100000800084100001900092650001700111005001900128260002200147041001400169084001100183300002300194500039100217336000900608 aMay I Have Perfect Yellow Like You?cOdyhText a978-623-5953-76-2 aCet. 1 aOdy aEva Sri Rahayu aFiksi Remaja a20250310093050 aDepokbAkadc2024 aIndonesia a808.83 a320 hlm. :c19 cm. aTidak pernah terbayangkan oleh Ethaniel Vanjiro, jika suatu hari nanti, dia akan menyukai sosok perempuan manis yang baru saja menginjak tahun pertamanya di masa-masa putih abu-abu, Kalila Gemini Jemima. Ethan selalu berdalih dan menganggap kalau Kalila hanyalah sebatas adik kecil, tidak mungkin ada perasaan yang lebih. Tapi, kalau hati sudah berbicara… siapa yang mampu menolaknya? atext